Světové účetnictví US GAAP

Salvato in:
Dettagli Bibliografici
Autore principale: Mládek, Robert
Natura: Libro
Lingua:slovacco
inglese
Pubblicazione: Praha Linde 1998
Serie:Praktické příručky
Soggetti:
Tags: Aggiungi Tag
Nessun Tag, puoi essere il primo ad aggiungerne!!

MARC

LEADER 00000nam a2200000 4500
001 c113725
005 20221109094541.7
020 |a 80-7201-109-X 
041 0 |a slo 
041 0 |a eng 
044 |a CZ 
245 1 0 |a Světové účetnictví  |b US GAAP  |c Robert Mládek 
264 1 |a Praha  |b Linde  |c 1998 
300 |a 687 s. 
490 1 |a Praktické příručky 
830 0 |a Praktické příručky 
610 2 0 |a účtovníctvo 
610 2 0 |a svet 
610 2 0 |a porovnanie medzinárodné 
610 2 0 |a súvaha 
610 2 0 |a výsledovka 
610 2 0 |a cash flow 
610 2 0 |a výkazy účtovné 
610 2 0 |a zisk 
610 2 0 |a osnova účtová 
610 2 0 |a US GAAP 
610 2 0 |a Amerika 
610 2 0 |a Česko 
100 1 |a Mládek, Robert